[Event "URU-ch"]
[Site "San Jose de Mayo"]
[Date "2015.03.11"]
[Round "8"]
[White "Rodriguez, Santiago"]
[Black "Rodriguez Izarrualde, Gaston"]
[Result "1-0"]
[WhiteElo "2249"]
[BlackElo "2112"]
[PlyCount "63"]
[EventDate "2015.03.06"]
[EventType "tourn"]
[EventRounds "11"]
[EventCountry "URU"]
[SourceTitle "CBM 165 Extra"]
[Source "ChessBase"]
[SourceDate "2015.04.21"]
[SourceVersion "1"]
[SourceVersionDate "2015.04.21"]
[SourceQuality "1"]

1. e4 c5 2. Nf3 g6 3. d4 cxd4 4. Qxd4 Nf6 5. Nc3 Nc6 6. Qa4 d6 7. e5 dxe5 8. Nxe5 Bg7 9. Bb5 0-0 10. Nxc6 bxc6 11. Bxc6 Rb8 12. 0-0 Qc7 13. Re1 Ng4 14. Bf4 e5 15. Nd5 Qd6 16. Rad1 Qc5 17. Bg3 Rxb2 18. h3 Nh6 19. Bxe5 Rxc2 20. Qf4 Nf5 21. Bxg7 Kxg7 22. g4 Qd6 23. Qxd6 Nxd6 24. Nb4 Rb2 25. Rxd6 Rxb4 26. Re7 a6 27. Bd5 Rd4 28. Kh2 Rd3 29. f3 Kh6 30. h4 Be6 31. Rdxe6 fxe6 32. g5+ 1-0

[Event "URU-ch"]
[Site "San Jose de Mayo"]
[Date "2015.03.11"]
[Round "9"]
[White "Rodriguez Izarrualde, Gaston"]
[Black "Lopez Azambuja, Nicolas"]
[Result "1/2-1/2"]
[WhiteElo "2112"]
[BlackElo "2281"]
[PlyCount "102"]
[EventDate "2015.03.06"]
[EventType "tourn"]
[EventRounds "11"]
[EventCountry "URU"]
[SourceTitle "CBM 165 Extra"]
[Source "ChessBase"]
[SourceDate "2015.04.21"]
[SourceVersion "1"]
[SourceVersionDate "2015.04.21"]
[SourceQuality "1"]

1. e4 e6 2. d4 d5 3. Nd2 Nf6 4. e5 Nfd7 5. Bd3 c5 6. c3 Nc6 7. Ngf3 g6 8. h4 h6 9. Bc2 Qb6 10. Nb3 cxd4 11. Nfxd4 Ncxe5 12. f4 Nc4 13. h5 gxh5 14. Qxh5 Nf6 15. Qf3 Bd7 16. a4 a6 17. Be3 Qc7 18. f5 Qe5 19. fxe6 fxe6 20. 0-0 Qxe3+ 21. Qxe3 Nxe3 22. Rxf6 Nxc2 23. Nxc2 Be7 24. Rg6 0-0-0 25. Ncd4 Rdg8 26. Rxg8+ Rxg8 27. Re1 Rg6 28. Nd2 Bc5 29. b3 Kc7 30. N2f3 Kd6 31. Kf2 b5 32. axb5 Bxb5 33. Ne5 Rf6+ 34. Kg3 Rf8 35. Ng4 Bxd4 36. cxd4 h5 37. Ne5 Rc8 38. Re3 Rc2 39. Nf7+ Ke7 40. Ng5 Re2 41. Rxe2 Bxe2 42. b4 Kf6 43. Kf4 h4 44. Nh7+ Ke7 45. Ke3 Bf1 46. Kf2 h3 47. gxh3 Bxh3 48. Ng5 Bf5 49. Nf3 Kd6 50. Ke3 Kc6 51. Kd2 Kb5 1/2-1/2

[Event "URU-ch"]
[Site "San Jose de Mayo"]
[Date "2015.03.09"]
[Round "5"]
[White "Larrea, Manuel"]
[Black "Rodriguez Izarrualde, Gaston"]
[Result "1-0"]
[WhiteElo "2302"]
[BlackElo "2112"]
[PlyCount "87"]
[EventDate "2015.03.06"]
[EventType "tourn"]
[EventRounds "11"]
[EventCountry "URU"]
[SourceTitle "CBM 165 Extra"]
[Source "ChessBase"]
[SourceDate "2015.04.21"]
[SourceVersion "1"]
[SourceVersionDate "2015.04.21"]
[SourceQuality "1"]

1. e4 c5 2. Nf3 g6 3. c3 Bg7 4. d4 cxd4 5. cxd4 d5 6. e5 Nc6 7. Nc3 Bg4 8. Be3 Nh6 9. h3 Bxf3 10. Qxf3 e6 11. Bd3 0-0 12. 0-0 Qh4 13. Ne2 f6 14. Qf4 Qxf4 15. Nxf4 Rae8 16. exf6 Rxf6 17. Bb5 Ref8 18. Bxc6 bxc6 19. Nd3 Nf5 20. Rfe1 R6f7 21. Rac1 Nxd4 22. f3 Nf5 23. Bf2 Bd4 24. Rxc6 Bxf2+ 25. Kxf2 Nd4 26. Rc3 Rb7 27. b3 Rb6 28. Rd1 Ra6 29. Nb4 Nb5 30. Rc6 Rxc6 31. Nxc6 a6 32. a4 Nd6 33. Rc1 Rf7 34. Nd8 Rd7 35. Nxe6 Kf7 36. Nc7 Nc4 37. Nxa6 Na5 38. Rc7 Rxc7 39. Nxc7 d4 40. b4 Nc4 41. Ke2 Ke7 42. Kd3 Nb2+ 43. Kxd4 Nxa4 44. h4 1-0

[Event "URU-ch"]
[Site "San Jose de Mayo"]
[Date "2015.03.08"]
[Round "4"]
[White "Rodriguez Izarrualde, Gaston"]
[Black "Granara Barreto, Sebastian A"]
[Result "1-0"]
[WhiteElo "2112"]
[BlackElo "2155"]
[PlyCount "47"]
[EventDate "2015.03.06"]
[EventType "tourn"]
[EventRounds "11"]
[EventCountry "URU"]
[SourceTitle "CBM 165 Extra"]
[Source "ChessBase"]
[SourceDate "2015.04.21"]
[SourceVersion "1"]
[SourceVersionDate "2015.04.21"]
[SourceQuality "1"]

1. e4 c5 2. Nc3 d6 3. f4 Nc6 4. Nf3 g6 5. Bb5 Bg7 6. Bxc6+ bxc6 7. 0-0 Nh6 8. d3 0-0 9. Qe1 Rb8 10. b3 Ba6 11. Bd2 d5 12. e5 Qc8 13. Na4 c4 14. Nc5 cxd3 15. cxd3 Rb5 16. Be3 Ng4 17. Qd2 Bh6 18. Rac1 Nxe3 19. Qxe3 Ra5 20. a4 Qf5 21. Nd4 Qc8 22. b4 Rxc5 23. Rxc5 Qb7 24. b5 1-0

[Event "URU-ch sf"]
[Site "Colonia del Sacramento"]
[Date "2015.02.17"]
[Round "8"]
[White "Izquierdo, Sebastian"]
[Black "Rodriguez Izarrualde, Gaston"]
[Result "0-1"]
[WhiteElo "2026"]
[BlackElo "2088"]
[PlyCount "72"]
[EventDate "2015.02.13"]
[EventType "swiss"]
[EventRounds "9"]
[EventCountry "URU"]
[SourceTitle "EXT 2017"]
[Source "ChessBase"]
[SourceDate "2016.10.25"]
[SourceVersion "1"]
[SourceVersionDate "2016.10.25"]
[SourceQuality "1"]

1. c4 c5 2. Nf3 Nf6 3. g3 b6 4. Bg2 Bb7 5. 0-0 e6 6. Nc3 d6 7. d4 cxd4 8. Qxd4 a6 9. b3 Nbd7 10. e4 Qc7 11. Bb2 Be7 12. h3 0-0 13. Rad1 Rac8 14. Rd2 Rfe8 15. Re1 Bf8 16. Qe3 Qb8 17. Red1 b5 18. cxb5 axb5 19. Nd4 b4 20. Na4 Qa8 21. f3 e5 22. Nf5 d5 23. Qg5 Kh8 24. f4 h6 25. Qh4 d4 26. fxe5 g5 27. Bxd4 Nxe5 28. Bxe5 Rxe5 29. Nxh6 gxh4 30. Nxf7+ Kg8 31. Nxe5 Nxe4 32. Rd4 Qa7 33. Bxe4 Bxe4 34. Kh2 Rc2+ 35. R4d2 hxg3+ 36. Kxg3 Qe3+ 0-1

[Event "URU-ch sf"]
[Site "Colonia del Sacramento"]
[Date "2015.02.15"]
[Round "4"]
[White "Escofet Fernandez, Jaime"]
[Black "Rodriguez Izarrualde, Gaston"]
[Result "0-1"]
[WhiteElo "2013"]
[BlackElo "2088"]
[PlyCount "66"]
[EventDate "2015.02.13"]
[EventType "swiss"]
[EventRounds "9"]
[EventCountry "URU"]
[SourceTitle "EXT 2017"]
[Source "ChessBase"]
[SourceDate "2016.10.25"]
[SourceVersion "1"]
[SourceVersionDate "2016.10.25"]
[SourceQuality "1"]

1. d4 Nf6 2. Nf3 g6 3. Nbd2 c5 4. e3 Bg7 5. Bd3 Nc6 6. 0-0 b6 7. b3 cxd4 8. exd4 Qc7 9. c4 Ng4 10. Bb2 Nxd4 11. Qc1 Bb7 12. h3 h5 13. Bxd4 Bxd4 14. Rb1 f5 15. Qd1 0-0-0 16. Rc1 Qg3 17. Qe2 e5 18. Ne4 fxe4 19. Bxe4 Bxe4 20. Qxe4 Bxf2+ 21. Rxf2 Qxf2+ 22. Kh1 Qb2 23. Qa8+ Kc7 24. Qxa7+ Kc6 25. Qa4+ Kb7 26. Re1 Rh7 27. c5 Nf2+ 28. Kh2 Ra8 29. Qc4 Rxa2 30. Qd5+ Ka6 31. Nxe5 Qd2 32. Qc4+ b5 33. Qf1 Qf4+ 0-1

[Event "URU-ch"]
[Site "Montevideo"]
[Date "2014.04.07"]
[Round "7"]
[White "Rodriguez Izarrualde, Gaston"]
[Black "Colombo, Camila"]
[Result "0-1"]
[WhiteElo "2086"]
[BlackElo "2114"]
[PlyCount "84"]
[EventDate "2014.04.02"]
[EventType "tourn"]
[EventRounds "11"]
[EventCountry "URU"]
[SourceTitle "CBM 159 Extra"]
[Source "ChessBase"]
[SourceDate "2014.04.24"]
[SourceVersion "1"]
[SourceVersionDate "2014.04.24"]
[SourceQuality "1"]

1. e4 e6 2. d4 d5 3. Nd2 Nf6 4. Bd3 c5 5. c3 Nc6 6. Ngf3 dxe4 7. Nxe4 cxd4 8. cxd4 Bb4+ 9. Nc3 0-0 10. 0-0 Be7 11. Re1 a6 12. a3 b5 13. Bc2 Bb7 14. Qd3 Rc8 15. Bg5 g6 16. Bh6 Re8 17. Rad1 b4 18. Na4 bxa3 19. bxa3 Na5 20. Bb1 Nc4 21. Ba2 Bd5 22. Nd2 Nxa3 23. Bxd5 Nxd5 24. Nc5 Nb5 25. Nde4 Nf6 26. Nxa6 Nxe4 27. Qxb5 Nc3 28. Qd3 Nxd1 29. Rxd1 Ra8 30. Bf4 Ra7 31. h3 Bd6 32. Be3 Rd7 33. Rb1 Qa5 34. Qe2 Qd5 35. Nc5 Ra7 36. g3 Rea8 37. Kh2 Ra1 38. Qb2 R8a2 39. Qxa1 Rxa1 40. Rxa1 Kg7 41. Nd3 Qe4 42. Rg1 Qxd3 0-1

[Event "URU-ch"]
[Site "Montevideo"]
[Date "2014.04.04"]
[Round "3"]
[White "Rodriguez Izarrualde, Gaston"]
[Black "Arcos Facio, Mateo"]
[Result "0-1"]
[WhiteElo "2086"]
[BlackElo "2199"]
[PlyCount "58"]
[EventDate "2014.04.02"]
[EventType "tourn"]
[EventRounds "11"]
[EventCountry "URU"]
[SourceTitle "CBM 159 Extra"]
[Source "ChessBase"]
[SourceDate "2014.04.24"]
[SourceVersion "1"]
[SourceVersionDate "2014.04.24"]
[SourceQuality "1"]

1. e4 e5 2. Nf3 Nc6 3. Bb5 a6 4. Ba4 Nf6 5. d3 d6 6. 0-0 Be7 7. Re1 b5 8. Bb3 Na5 9. Nbd2 0-0 10. Nf1 Re8 11. c3 Nxb3 12. axb3 Bf8 13. Bg5 h6 14. Bxf6 Qxf6 15. Ne3 c6 16. Nd2 d5 17. exd5 Bb7 18. Ne4 Qg6 19. dxc6 Bxc6 20. Qf3 Red8 21. Nf5 Qe6 22. Qh3 Qxb3 23. Nxh6+ gxh6 24. Nf6+ Kg7 25. Qg3+ Kxf6 26. Qxe5+ Kg6 27. Re3 Qd5 28. Rg3+ Kh7 29. Qf6 Rd6 0-1

[Event "URU-ch"]
[Site "Montevideo"]
[Date "2014.04.02"]
[Round "1"]
[White "Moreira, Marcelo"]
[Black "Rodriguez Izarrualde, Gaston"]
[Result "1/2-1/2"]
[WhiteElo "2056"]
[BlackElo "2086"]
[PlyCount "72"]
[EventDate "2014.04.02"]
[EventType "tourn"]
[EventRounds "11"]
[EventCountry "URU"]
[SourceTitle "CBM 159 Extra"]
[Source "ChessBase"]
[SourceDate "2014.04.24"]
[SourceVersion "1"]
[SourceVersionDate "2014.04.24"]
[SourceQuality "1"]

1. e4 c5 2. Nc3 g6 3. f4 Bg7 4. Nf3 Nc6 5. Bb5 Nd4 6. 0-0 Nxb5 7. Nxb5 d5 8. exd5 a6 9. Nc3 Nf6 10. d4 c4 11. Qe2 b5 12. Re1 Bg4 13. h3 Bxf3 14. Qxf3 0-0 15. a3 Ra7 16. Be3 Rd7 17. Bf2 Nxd5 18. Ne4 Nb6 19. c3 Na4 20. Re2 e6 21. g4 f6 22. Ng3 e5 23. f5 Qc7 24. Rae1 exd4 25. Bxd4 Nc5 26. Bxc5 Qxc5+ 27. Qe3 Qc7 28. Ne4 Rd3 29. Qc5 Qd7 30. Kg2 Rd5 31. Qb6 gxf5 32. Nc5 Qd8 33. Qe6+ Kh8 34. Nb7 Qd7 35. Nc5 Qd8 36. Nb7 Qd7 1/2-1/2

[Event "URU-ch sf"]
[Site "Montevideo"]
[Date "2014.03.03"]
[Round "6"]
[White "Kimelman, Gabriel"]
[Black "Rodriguez Izarrualde, Gaston"]
[Result "0-1"]
[WhiteElo "1933"]
[BlackElo "2098"]
[PlyCount "76"]
[EventDate "2014.02.28"]
[EventType "swiss"]
[EventRounds "9"]
[EventCountry "URU"]
[SourceTitle "CBM 159 Extra"]
[Source "ChessBase"]
[SourceDate "2014.04.24"]
[SourceVersion "1"]
[SourceVersionDate "2014.04.24"]
[SourceQuality "1"]

1. e4 c5 2. Nc3 Nc6 3. g3 g6 4. Bg2 Bg7 5. d3 d6 6. f4 e5 7. Nh3 h5 8. Be3 Nd4 9. 0-0 Bg4 10. Qd2 h4 11. Ng5 f6 12. Nf3 hxg3 13. hxg3 Qd7 14. Bxd4 cxd4 15. Nd5 Ne7 16. c3 Nxd5 17. exd5 dxc3 18. bxc3 Bh6 19. Qe1 0-0 20. Nh4 Kg7 21. f5 gxf5 22. Qf2 f4 23. d4 b6 24. Qc2 f5 25. dxe5 fxg3 26. Rae1 dxe5 27. Rxe5 Rae8 28. Rfe1 Rxe5 29. Rxe5 Bg5 30. Nf3 Bf6 31. Qe2 Bxf3 32. Bxf3 Bxe5 33. Qxe5+ Rf6 34. Bh5 Qd6 35. Qe8 Qc5+ 36. Kh1 Qxd5+ 37. Kg1 Qc5+ 38. Kh1 Qc6+ 0-1

[Event "URU-ch sf"]
[Site "Montevideo"]
[Date "2014.03.03"]
[Round "7"]
[White "Rodriguez Izarrualde, Gaston"]
[Black "Arcos Facio, Mateo"]
[Result "0-1"]
[WhiteElo "2098"]
[BlackElo "2195"]
[PlyCount "60"]
[EventDate "2014.02.28"]
[EventType "swiss"]
[EventRounds "9"]
[EventCountry "URU"]
[SourceTitle "CBM 159 Extra"]
[Source "ChessBase"]
[SourceDate "2014.04.24"]
[SourceVersion "1"]
[SourceVersionDate "2014.04.24"]
[SourceQuality "1"]

1. e4 e5 2. Nf3 Nc6 3. Bb5 f5 4. d3 fxe4 5. dxe4 Nf6 6. 0-0 Bc5 7. Qd3 d6 8. Qc4 Bd7 9. Bxc6 Bxc6 10. Nxe5 Bxf2+ 11. Rxf2 dxe5 12. Nc3 Qd7 13. Bg5 0-0-0 14. Rd1 Qe7 15. Nd5 Bxd5 16. exd5 h6 17. Be3 Qd7 18. Bxa7 Qg4 19. Qxg4+ Nxg4 20. Rf7 b6 21. d6 Rd7 22. Rxd7 Kxd7 23. c4 Ra8 24. c5 Rxa7 25. c6+ Kc8 26. h3 Nf6 27. d7+ Kd8 28. Rd3 Rxa2 29. Rg3 Ra1+ 30. Kh2 Rc1 0-1

[Event "URU-ch sf"]
[Site "Montevideo"]
[Date "2014.02.28"]
[Round "1"]
[White "Milan, Julio"]
[Black "Rodriguez Izarrualde, Gaston"]
[Result "0-1"]
[WhiteElo "1689"]
[BlackElo "2098"]
[PlyCount "62"]
[EventDate "2014.02.28"]
[EventType "swiss"]
[EventRounds "9"]
[EventCountry "URU"]
[SourceTitle "CBM 159 Extra"]
[Source "ChessBase"]
[SourceDate "2014.04.24"]
[SourceVersion "1"]
[SourceVersionDate "2014.04.24"]
[SourceQuality "1"]

1. e4 c5 2. Nc3 Nc6 3. Bb5 Nd4 4. Bc4 g6 5. Nf3 Bg7 6. Nxd4 cxd4 7. Qf3 Nf6 8. Nb5 0-0 9. Nxd4 Ng4 10. Ne2 Ne5 11. Qb3 Qc7 12. Bd3 d5 13. f4 Nxd3+ 14. Qxd3 dxe4 15. Qxe4 Bf5 16. Qf3 Qxc2 17. 0-0 Bd3 18. Re1 b5 19. a3 e5 20. fxe5 Bxe5 21. Nc3 Rae8 22. Qf2 Bd4 23. Re3 Bxc3 24. dxc3 Qd1+ 25. Qe1 Qxe1+ 26. Rxe1 Rxe1+ 27. Kf2 Rfe8 28. b4 h5 29. Bb2 Rxa1 30. Bxa1 Re2+ 31. Kg3 Ra2 0-1

[Event "La Paloma op 3rd"]
[Site "La Paloma"]
[Date "2014.02.16"]
[Round "4"]
[White "Barboza, Mauro"]
[Black "Rodriguez Izarrualde, Gaston"]
[Result "0-1"]
[WhiteElo "2020"]
[BlackElo "2098"]
[PlyCount "66"]
[EventDate "2014.02.14"]
[EventType "swiss"]
[EventRounds "5"]
[EventCountry "URU"]
[SourceTitle "EXT 2018"]
[Source "ChessBase"]
[SourceDate "2017.10.13"]
[SourceVersion "1"]
[SourceVersionDate "2017.10.13"]
[SourceQuality "1"]

1. e4 c5 2. Nf3 Nc6 3. d4 cxd4 4. Nxd4 g6 5. Nc3 Bg7 6. Nb3 Bxc3+ 7. bxc3 Nf6 8. f3 d5 9. exd5 Qxd5 10. Qxd5 Nxd5 11. Nd4 0-0 12. Bd2 Nb6 13. Nxc6 bxc6 14. a4 Be6 15. Ba6 Rad8 16. Be3 Rd7 17. a5 Nd5 18. Bd4 Bf5 19. Ra2 e5 20. Bc5 Nxc3 21. Ra1 Rb8 22. 0-0 h5 23. Ra3 Nd5 24. c3 Nf4 25. Be3 Rb2 26. g3 Nh3+ 27. Kh1 e4 28. Bc8 exf3 29. Bxd7 Bxd7 30. Ra4 c5 31. Rf4 Bc6 32. R4xf3 g5 33. Bg1 g4 0-1

[Event "La Paloma op 3rd"]
[Site "La Paloma"]
[Date "2014.02.15"]
[Round "3"]
[White "Rodriguez Izarrualde, Gaston"]
[Black "De San Vicente, Sabrina"]
[Result "1-0"]
[WhiteElo "2098"]
[BlackElo "1692"]
[PlyCount "51"]
[EventDate "2014.02.14"]
[EventType "swiss"]
[EventRounds "5"]
[EventCountry "URU"]
[SourceTitle "EXT 2018"]
[Source "ChessBase"]
[SourceDate "2017.10.13"]
[SourceVersion "1"]
[SourceVersionDate "2017.10.13"]
[SourceQuality "1"]

1. e4 e5 2. Nf3 Nf6 3. Nxe5 d6 4. Nf3 Nxe4 5. Nc3 Nxc3 6. dxc3 Nd7 7. Be3 Be7 8. Qd2 Ne5 9. Be2 Be6 10. 0-0-0 0-0 11. Kb1 Qe8 12. Ng5 Bxg5 13. Bxg5 Qa4 14. b3 Qc6 15. f4 Nd7 16. Bf3 Qb6 17. g4 Nc5 18. f5 Bd7 19. f6 Bc6 20. Rhf1 Bxf3 21. Rxf3 Ne4 22. Qf4 Qc6 23. fxg7 Nxc3+ 24. Rxc3 Qxc3 25. gxf8Q+ Kxf8 26. Rf1 1-0

[Event "Montevideo Cuadrangular"]
[Site "Montevideo"]
[Date "2013.11.30"]
[Round "1.12"]
[White "Arcos Facio, Mateo"]
[Black "Rodriguez Izarrualde, Gaston"]
[Result "1-0"]
[WhiteElo "2180"]
[BlackElo "2101"]
[PlyCount "81"]
[EventDate "2013.11.30"]
[EventType "team-tourn"]
[EventRounds "3"]
[EventCountry "URU"]
[SourceTitle "EXT 2015"]
[Source "ChessBase"]
[SourceDate "2014.11.20"]
[SourceVersion "1"]
[SourceVersionDate "2014.11.20"]
[SourceQuality "1"]
[WhiteTeam "Banco Republica"]
[BlackTeam "Centro Social Penarol"]
[WhiteTeamCountry "URU"]
[BlackTeamCountry "URU"]

1. e4 c5 2. Nf3 d6 3. d4 cxd4 4. Nxd4 Nf6 5. Nc3 a6 6. Be3 e5 7. Nb3 Be6 8. Be2 b5 9. 0-0 Nbd7 10. f4 Be7 11. f5 Bc4 12. Bxc4 bxc4 13. Nd2 Qc7 14. Qe2 Rc8 15. Kh1 Qc6 16. Bg5 0-0 17. Rf3 Rfe8 18. Bxf6 Nxf6 19. b3 d5 20. exd5 Nxd5 21. Nxd5 Qxd5 22. Nxc4 e4 23. Rf4 Bc5 24. Rd1 Qc6 25. h3 h6 26. a3 Rc7 27. b4 Bxb4 28. Rd4 Bf8 29. Rfxe4 Rec8 30. Ne3 Bxa3 31. Nd5 Rb7 32. c4 Rb1+ 33. Rd1 Rcb8 34. f6 Qa4 35. Ne3 Rxd1+ 36. Nxd1 gxf6 37. Rg4+ Kh8 38. c5 Qc6 39. Qe3 f5 40. Qe5+ Kh7 41. Qg7# 1-0

[Event "URU-ch sf"]
[Site "Montevideo"]
[Date "2013.02.11"]
[Round "7"]
[White "Rodriguez Izarrualde, Gaston"]
[Black "Muniz, Rafael"]
[Result "0-1"]
[WhiteElo "2010"]
[BlackElo "2279"]
[PlyCount "80"]
[EventDate "2013.02.08"]
[EventType "swiss"]
[EventRounds "9"]
[EventCountry "URU"]
[SourceTitle "EXT 2014"]
[Source "ChessBase"]
[SourceDate "2013.11.20"]
[SourceVersion "1"]
[SourceVersionDate "2013.11.20"]
[SourceQuality "1"]

1. e4 c5 2. Nf3 d6 3. d4 cxd4 4. Qxd4 Bd7 5. Bg5 Nc6 6. Qd2 Nf6 7. Nc3 Qa5 8. 0-0-0 Rc8 9. Bc4 h6 10. Bh4 g5 11. Bg3 Bg7 12. Rhe1 Nb4 13. Bb3 0-0 14. e5 Be6 15. exf6 Bxf6 16. Rxe6 fxe6 17. Bxe6+ Kg7 18. Nd4 Rc5 19. Nd5 Nxa2+ 20. Kb1 Rxd5 21. Qxa5 Rxa5 22. Bxa2 Rc8 23. f3 Kg6 24. Ne6 Rxa2 25. Kxa2 Rxc2 26. Rb1 Kf5 27. Kb3 Rxg2 28. Nd8 b6 29. Nc6 a5 30. Ka3 h5 31. b4 axb4+ 32. Nxb4 h4 33. Nd5 Bd4 34. Nxe7+ Ke6 35. Bxd6 Kxd6 36. Nf5+ Ke5 37. Nh6 Bc5+ 38. Kb3 Kf4 39. Ng4 Kxf3 40. h3 Rxg4 0-1

[Event "URU-ch sf"]
[Site "Montevideo"]
[Date "2013.02.10"]
[Round "4"]
[White "Larrea, Manuel"]
[Black "Rodriguez Izarrualde, Gaston"]
[Result "1-0"]
[WhiteElo "2253"]
[BlackElo "2010"]
[PlyCount "37"]
[EventDate "2013.02.08"]
[EventType "swiss"]
[EventRounds "9"]
[EventCountry "URU"]
[SourceTitle "EXT 2014"]
[Source "ChessBase"]
[SourceDate "2013.11.20"]
[SourceVersion "1"]
[SourceVersionDate "2013.11.20"]
[SourceQuality "1"]

1. e4 e5 2. Nf3 Nf6 3. Nc3 Bc5 4. Nxe5 Qe7 5. d4 Bb4 6. Bc4 d6 7. Nxf7 Qxe4+ 8. Kf1 Bxc3 9. bxc3 Rf8 10. Ng5 Qe7 11. Qe2 Qxe2+ 12. Bxe2 h6 13. Nf3 Ne4 14. Bb2 Bg4 15. h3 Bxf3 16. gxf3 Ng5 17. h4 Nxf3 18. Rh3 Nd2+ 19. Ke1 1-0